000 00873cam a2200301 4500500
005 20260405003421.0
041 _afre
042 _adc
100 1 0 _aFriedrich, Lisa
_eauthor
245 0 0 _aJürgen Habermas : “La philosophie cesserait d’être elle-même si elle perdait des yeux ‘le tout’”
260 _c2021.
500 _a84
690 _aAdorno
690 _aAllemagne
690 _aCovid
690 _aDémocratie
690 _aÉcole de Francfort
690 _aÉgalité
690 _aÉtat
690 _aEurope
690 _aHabermas
690 _aIdentité
690 _aLiberté
690 _aPandémie
690 _aRaison
786 0 _nPhilosophie magazine | 155 | 12 | 2021-12-01 | p. 33-35 | 1951-1787
856 4 1 _uhttps://shs.cairn.info/magazine-philosophie-magazine-2021-12-1-page-33?lang=fr&redirect-ssocas=7080
999 _c2067341
_d2067341